000 00653nam a2200205 a 4500
001 000043167
005 20201002040705.0
008 140220s1996 sp a 000 0 spa d
020 _a8437614740
040 _aDO-SdBNP
_bspa
_cBNPHU
082 _axxx
_bC981M
100 1 _aMérida, Pablo
_970738
245 1 0 _aMichael Curtiz /
_cPablo Mérida.
260 _aMadrid :
_bCátedra,
_c1996.
300 _a383 p. :
_bil., retrs. ;
_c18 cm.
490 1 _aSigno e imagen
_acineastas
500 _aIncluye referencias bibliográficas y notas al pie de las páginas
504 _aBibliografía : p. [377]-381
830 0 _aSigno e imagen ;
_pcineastas
_n30
_970739
999 _c42656
_d42656